مشغول / (رقم التسجيلة. 58970)
[ عرض عادي ]
| 000 -LEADER | |
|---|---|
| fixed length control field | 00649nam a22001937a 4500 |
| 005 - DATE AND TIME OF LATEST TRANSACTION | |
| control field | 20251108171206.0 |
| 008 - FIXED-LENGTH DATA ELEMENTS--GENERAL INFORMATION | |
| fixed length control field | 250721s9999 xx 000 0 ara d |
| 082 14 - DEWEY DECIMAL CLASSIFICATION NUMBER | |
| Classification number | ط/ 372.21/رات |
| 100 1# - MAIN ENTRY--PERSONAL NAME | |
| Personal name | راتب، نيفين |
| 245 10 - TITLE STATEMENT | |
| Title | مشغول / |
| 264 1# - PRODUCTION, PUBLICATION, DISTRIBUTION, MANUFACTURE, AND COPYRIGHT NOTICE | |
| Place of production, publication, distribution, manufacture | بيروت : |
| Name of producer, publisher, distributor, manufacturer | دار أصالة للنشر و التوزيع، |
| 490 0# - SERIES STATEMENT | |
| Series statement | كلمة كلمة : المر حلة الأولى |
| Volume/sequential designation | 4 |
| 650 17 - SUBJECT ADDED ENTRY--TOPICAL TERM | |
| Topical term or geographic name as entry element | تعليم القراءة |
| 650 17 - SUBJECT ADDED ENTRY--TOPICAL TERM | |
| Topical term or geographic name as entry element | التعليم ما قبل المدرسة |
| 653 ## - INDEX TERM--UNCONTROLLED | |
| Uncontrolled term | أطفال ما قبل المدرسة (0-5 سنوات) |
| 700 1# - ADDED ENTRY--PERSONAL NAME | |
| Personal name | السيد، شريف |
| Relator term | Cart. |
| 942 ## - ADDED ENTRY ELEMENTS (KOHA) | |
| Source of classification or shelving scheme | Dewey Decimal Classification |
| Koha item type | كتب |
| حالة السحب | حالة الفقدان | مصدر التصنيف | حالة التلف | غير قابل للإعارة | المكتبة الرئيسية | المكتبة الحالية | موقع الرف | تاريخ التزويد | الرقم المتسلسل | Total Checkouts | رقم الإستدعاء | تاريخ آخر ظهور | تاريخ الفاتورة | نوع المادة (كوها) | الباركود |
|---|---|---|---|---|---|---|---|---|---|---|---|---|---|---|---|
| Dewey Decimal Classification | مكتبة أم المؤمنين للأطفال | مكتبة أم المؤمنين للأطفال | الأطفال | 28/07/2025 | 525590 | ط/ 372.21/رات | 28/07/2025 | 28/07/2025 | كتب | 525590 | |||||
| Dewey Decimal Classification | Unchecked | مكتبة البراءة للأطفال | مكتبة البراءة للأطفال | الأطفال | 28/07/2025 | 525617 | ط/ 372.21/رات | 28/07/2025 | 28/07/2025 | كتب | |||||
| Dewey Decimal Classification | Unchecked | مكتبة الجويدة | مكتبة الجويدة | الأطفال | 28/07/2025 | 525597 | ط/ 372.21/رات | 28/07/2025 | 28/07/2025 | كتب | |||||
| Dewey Decimal Classification | مكتبة الراية الهاشمية للأطفال | مكتبة الراية الهاشمية للأطفال | الأطفال | 07/10/2015 | ط/ 372.21/رات | 28/07/2025 | 07/10/2015 | كتب | PLD00352606 | ||||||
| Dewey Decimal Classification | مكتبة الياسمين للأطفال | مكتبة الياسمين للأطفال | الأطفال | 23/03/2014 | 558835 | ط/ 372.21/رات | 28/07/2025 | 23/03/2014 | كتب | PLD00295998 |